NBA 2024-25 Rosters - Statistics

General Stats
  • This quiz has been taken 180 times
  • The average score is 232 of 496
Answer Stats
Answer % Correct
#11, Hawks, G Trae Young
94%
#0, Celtics, F-G Jayson Tatum
89%
#77, Bucks, G AJ Johnson
88%
#11, Raptors, G-F Bruce Brown
88%
#2, Nets, F Cameron Johnson
88%
#0, Bulls, G Coby White
88%
#9, Celtics, G Derrick White
88%
#1, Hawks, F Jalen Johnson
88%
#16, Pacers, F James Johnson
88%
#7, Celtics, F Jaylen Brown
88%
#0, Spurs, F-G Keldon Johnson
88%
#45, Nets, G Keon Johnson
88%
#21, Clippers, F Kobe Brown
88%
#4, Celtics, G Jrue Holiday
87%
#0, Rockets, G Aaron Holiday
86%
#5, Jazz, F Cody Williams
86%
#34, Bucks, F Giannis Antetokounmpo
86%
#2, Hornets, F Grant Williams
86%
#8, Thunder, F Jalen Williams
86%
#6, Thunder, F Jaylin Williams
86%
#34, Thunder, G-F Kenrich Williams
86%
#5, Hornets, C Mark Williams
86%
#19, Rockets, G Nate Williams
86%
#44, Bulls, F Patrick Williams
86%
#35, Blazers, C-F Robert Williams
86%
#5, Grizzlies, G Vince Williams Jr
86%
#1, Nets, F Zaire Williams
86%
#15, Hawks, C Clint Capela
85%
#8, Celtics, F-C Kristaps Porzingis
85%
#23, Warriors, F Draymond Green
83%
#4, Rockets, G Jalen Green
83%
#20, Bucks, G AJ Green
82%
#4, Wizards, G Jared Butler
82%
#4, Pelicans, G Javonte Green
82%
#32, Rockets, F Jeff Green
82%
#22, Heat, F Jimmy Butler
82%
#10, Hornets, G Josh Green
82%
#5, Pelicans, G Dejounte Murray
81%
#27, Nuggets, G Jamal Murray
81%
#32, Knicks, C-F Karl Anthony-Towns
81%
#13, Kings, F Keegan Murray
81%
#24, Blazers, F Kris Murray
81%
#1, Hornets, G Lamelo Ball
81%
#28, Nets, F Dorian Finney-Smith
80%
#30, Hornets, G Seth Curry
80%
#30, Warriors, G Stephen Curry
80%
#1, Pelicans, F Zion Williamson
80%
#42, Celtics, C-F Al Horford
79%
#5, Wolves, G Anthony Edwards
79%
#13, Heat, C-F Bam Adebayo
79%
#0, Bucks, G Damian Lillard
79%
#2, Bulls, G Lonzo Ball
79%
#3, Lakers, F-C Anthony Davis
78%
#12, Heat, G Dru Smith
78%
#10, Rockets, F Jabari Smith
78%
#7, Bulls, F-C Jalen Smith
78%
#13, Grizzlies F-C Jaren Jackson Jr
78%
#14, Wolves, C Jessie Edwards
78%
#1, Wizards, G Johnny Davis
78%
#19, 76ers, F Justin Edwards
78%
#17, Mavs, F Kessler Edwards
78%
#77, Mavs, F-G Luka Doncic
78%
#8, Hornets, G Nick Smith Jr.
78%
#11, Celtics, G Payton Pritchard
78%
#2, Thunder, G Shai Gilgeous-Alexander
78%
#32, Warriors, F Tracye Jackson-Davis
78%
#21, Bucks, F Tyler Smith
78%
#45, Raptors, G Davion Mitchell
77%
#45, Cavs, G Donovan Mitchell
77%
#0, Pistons, C Jalen Duren
77%
#25, Knicks, G-F Mikal Bridges
77%
#0, Hornets, F Miles Bridges
77%
#15, Nuggets, C Nikola Jokic
77%
#44, Bucks, G Andre Jackson Jr
76%
#45, Grizzlies, F GG Jackson
76%
#31, Mavs, G Klay Thompson
76%
#23, Lakers, F Lebron James
76%
#14, Heat, G Tyler Herro
76%
#1, Rockets, G-F Amen Thompson
75%
#9, Pistons, G-F Ausar Thompson
75%
22, Pacers, F Isaiah, Jackson
75%
#11, Knicks, G Jalen Brunson
75%
#21, 76ers, C Joel Embiid
75%
#00, 76ers, G Reggie Jackson
75%
#27, Wolves, C Rudy Gobert
75%
#13, Cavs, C-F Tristan Thompson
75%
#20 , Kings, G Colby Jones
74%
#55, Clippers, F Derrick Jones Jr
74%
#3, Thunder, F Dillon Jones
74%
#2, Pelicans, F Herb Jones
74%
#12, Grizzlies, G Ja Morant
74%
#23, Clippers, C-F Kai Jones
74%
#8, Kings, G Mason Jones
74%
#33, Spurs, G Tre Jones
74%
#21, Suns, G Tyus Jones
74%
#1, Suns, G Devin Booker
73%
#55, Heat, F Duncan Robinson
73%
#8, Suns, G Grayson Allen
73%
#31, Cavs, C Jarrett Allen
73%
#1, Nuggets, F Michael Porter Jr.
73%
#23, Knicks, C-F Mitchell Robinson
73%
#77, Kings, C Orlando Robinson
73%
#0, Pacers, G Tyrese Haliburton
73%
#1, Spurs, F-C Victor Wembanyama
73%
#10, Nets, G-F Ben Simmons
72%
#2, Pistons, G Cade Cunningham
72%
#7, Thunder, C-F Chet Holmgren
72%
#35, Suns, F Kevin Durant
72%
#11, Mavs, G Kyrie Irving
72%
#21, Thunder, G Aaron Wiggins
71%
#22, Warriors, F Andrew Wiggins
71%
#1, Blazers, G Anfernee Simons
71%
#9, Lakers, G Bronny James
71%
#9, Cavs, G Craig Porter Jr.
71%
#10, Cavs, G Darius Garland
71%
#5, Kings, G De'Aaron Fox
71%
#11, Kings, F-C Domantas Sabonis
71%
#13, Wizards, G Jordan Poole
71%
#3, Knicks, G Josh Hart
71%
#77, Clippers, G-F Kevin Porter Jr
71%
#5, Magic, F Paolo Banchero
71%
#43, Pacers, F Pascal Siakam
71%
#0, 76ers, G Tyrese Maxey
71%
#3, Spurs, G Chris Paul
70%
#32, Nuggets, F Aaron Gordon
69%
#23, 76ers, G Eric Gordon
69%
#4, Cavs, C Evan Mobley
69%
#30, Wolves, F-C Julius Randle
69%
#23, Jazz, F-C Lauri Markkanen
69%
#8, 76ers, F Paul George
69%
#4, Raptors, F-G Scottie Barnes
69%
#12, Pelicans, G Antonio Reeves
68%
#15, Lakers, G Austin Reaves
68%
#13, Hawks, G Bogdan Bogdanovic
68%
#44, Nets, F Bojan Bogdanovic
68%
#10, Kings, G-F DeMar DeRozan
68%
#22, Magic, F Franz Wagner
68%
#40, Spurs, F Harrison Barnes
68%
#1, Clippers, G James Harden
68%
#3, Jazz, G Keyonte George
68%
#18, Wizards, F Kyshawn George
68%
#21, Magic, F-C Moritz Wagner
68%
#11, Bucks, C Brook Lopez
67%
#1, Lakers, G D'Angelo Russell
67%
#8, Bulls, G Zach Lavine
67%
#3, Suns, G Bradley Beal
66%
#24, Nets, G Cam Thomas
66%
#22, Bucks, F Khris Middleton
66%
#9, Bulls, C Nikola Vucevic
66%
#14, Pelicans, F Brandon Ingram
65%
#3, Pelicans, G CJ McCollum
65%
#12, Hawks, F-G De'Andre Hunter
65%
#5, Hawks, G Dyson Daniels
65%
#3, Wolves, F Jaden McDaniels
65%
#33, Wizards, F Kyle Kuzma
65%
#33, Pacers, C-F Myles Turner
65%
#33, Nets, C Nic Claxton
65%
#9, Wolves, G Nickeil Alexander-Walker
65%
#4, Nuggets, G Russell Westbrook
65%
#24, Hornets, F Brandon Miller
64%
#0, Nuggets, G Christian Braun
64%
#14, Magic, G Gary Harris
64%
#20, Jazz, F-C John Collins
64%
#12, Pistons, F Tobias Harris
64%
#23, Spurs, F-C Zach Collins
64%
#9, Thunder, G Alex Caruso
63%
#28, Rockets, C Alperen Sengun
63%
#2, Blazers, C Deandre Ayton
63%
#17, Nets, G Dennis Schroder
63%
#55, Thunder, C-F Isaiah Hartenstein
63%
#20, Suns, C Jusuf Nurkic
63%
#2, Clippers, F Kawhi Leonard
63%
#33, Wolves, F Leonard Miller
63%
#10, Wolves, G Mike Conley
63%
#8, Knicks, F-G OG Anunoby
63%
#22, Grizzlies, G Desmond Bane
61%
#3, Magic, G Kentavious Caldwell-Pope
61%
#5, Thunder, G Luguentz Dort
61%
#2, Heat, G Terry Rozier
61%
#2, Warriors, G Brandin Podziemski
60%
#2, Jazz, G Collin Sexton
60%
#7, Mavs, F-C Dwight Powell
60%
#5, Rockets, G Fred VanVleet
60%
#00, Warriors, F Johnathan Kuminga
60%
#3, Bulls, G Josh Giddey
60%
#24, Clippers, G Norman Powell
60%
#2, Mavs, C Derrick Lively
59%
#22, Kings, G Devin Carter
59%
#5, Bulls, G Jevon Carter
59%
#24, Jazz, C Walker Kessler
59%
#34, Magic, C-F Wendell Carter Jr
59%
#10, Hawks, F Zaccharie Risacher
59%
#0, Wolves, G Donte DiVincenzo
58%
#42, Heat, F Kevin Love
58%
#40, Celtics, C-F Luke Kornet
58%
#1, Cavs, G-F Max Strus
58%
#28, Lakers, F Rui Hachimura
58%
#30, Celtics, F Sam Hauser
58%
#40, Clippers, C Ivica Zubac
57%
#34, Blazers, F Jabari Walker
56%
#5, Pacers, F Jarace Walker
56%
#11, Lakers, C-F Jaxon Hayes
56%
#21, Mavs, F-C Daniel Gafford
55%
#4, Magic, G Jalen Suggs
55%
#9, Blazers, F Jerami Grant
55%
#10, Spurs, F Jeremy Sochan
55%
#17, Wizards, C Jonas Valanciunas
55%
#11, Wolves, C-F Naz Reid
55%
#25, Mavs, F P.J Washington
55%
#00, Blazers, G Scoot Henderson
55%
#14, Suns, G TyTy Washington Jr
55%
#15, Grizzlies, F Brandon Clark
54%
#7, Warriors, G Buddy Hield
54%
#23, Pistons, G Jaden Ivey
54%
#22, Wolves, G Jaylen Clark
54%
#14, Grizzlies, C Zach Edey
54%
#0, Magic, G Anthony Black
53%
#16, 76ers, F Caleb Martin
53%
#11, Hornets, G Cody Martin
53%
#50, Magic, G Cole Anthony
53%
#6, Nuggets, C DeAndre Jordan
53%
#11, Heat, F Jaime Jaquez Jr
53%
#9, Kings, G-F Kevin Huerter
53%
#1, 76ers, F KJ Martin
53%
#7, 76ers, G Kyle Lowry
53%
#36, Grizzlies, G Marcus Smart
53%
#13, Nets, F Tyrese Martin
53%
#2, Pacers, G-F Andrew Nembhard
52%
#19, Raptors, C Jakob Poeltl
52%
#17, Hawks, F-C Onyeka Okongwu
52%
#20, Wizards, C Alex Sarr
51%
#9, Rockets, G-F Dillon Brooks
51%
#1, Raptors, G-F Gradey Dick
51%
#00, Jazz, G Jordan Clarkson
51%
#5, Warriors, F Kevon Looney
51%
#4, Hornets, C Nick Richards
51%
#5, Heat, F Nikola Jovic
51%
#12, Rockets, C Steven Adams
51%
#22, Thunder, G Cason Wallace
50%
#24, Spurs, G-F Devin Vassell
50%
#2, Hawks, G Keaton Wallace
50%
#0, Kings, G Malik Monk
50%
#9, Raptors, F-G RJ Barrett
49%
#23, Pacers, G-F Aaron Nesmith
48%
#9, Bucks, F Bobby Portis
48%
#5, Pistons, G Malik Beasley
48%
#26, Mavs, G Spencer Dinwiddie
48%
#3, Cavs, G Caris Levert
47%
#20, Nets, C Day'Ron Sharpe
47%
#0, Warriors, G Gary Payton
47%
#00, Knicks, F Jacob Toppin
47%
#1, Pacers, F Obi Toppin
47%
#17, Blazers, G Shaedon Sharpe
47%
#8, Pistons, G-F Tim Hardaway Jr
47%
#00, Pacers, G-F Bennedict Mathurin
46%
#5, Raptors, G Immanuel Quickley
46%
#2, Lakers, F Jarred Vanderbilt
46%
#88, Mavs, F Markieff Morris
46%
#2, Knicks, G Miles McBride
46%
#23, Suns, G Monte Morris
46%
#4, Warriors, G Moses Moody
46%
#5, Spurs, G Stephon Castle
46%
#14, Clippers, G-F Terance Mann
46%
#23, Hornets, G Tre Mann
46%
#25, Pelicans, F Trey Murphy
46%
#7, Lakers, G Gabe Vincent
45%
#35, Cavs, F-G Isaac Okoro
45%
#42, Mavs, F Maxi Kleber
45%
#88, Celtics, C Neemias Queta
45%
#9, 76ers, G Kelly Oubre Jr
44%
#1, Warriors, F-G Kyle Anderson
44%
#14, Bulls, F Matas Buzelis
44%
#12, Bucks, F Taurean Prince
44%
#5, Bucks, G Gary Trent Jr
43%
#28, Pistons, F-C Isaiah Stewart
43%
#9, Pacers, G TJ McConnell
43%
#32, Cavs, F-C Dean Wade
42%
#11, Thunder, G Isaiah Joe
42%
#20, 76ers, G Jarred McCain
42%
#8, Nuggets, G Peyton Watson
42%
#8, Blazers, F Deni Avdija
41%
#8, Clippers, G Kris Dunn
41%
#0, Suns, F Ryan Dunn
41%
#11, Suns, C-F Bol Bol
40%
#4, Lakers, G Dalton Knecht
40%
#28, 76ers, F Guerschon Yabusele
40%
#27, Celtics, G Jordan Walsh
40%
#15, Pelicans, G Jose Alvarado
40%
#4, Wolves, G Rob Dillingham
40%
#7, Grizzlies, F-C Santi Aldama
40%
#1, Grizzlies, G Scotty Pippen Jr
40%
#22, Bulls, G Talen Horton-Tucker
40%
#23, Nuggets, G Trey Alexander
40%
#26, Pacers, G Ben Sheppard
39%
#15, Rockets, G Reed Sheppard
39%
#15, Wizards, G Malcolm Brogdon
38%
#24, Bucks, G Pat Connaughton
38%
#26, Celtics, F Xavier Tillman
38%
#21, Pelicans, C Yves Missi
38%
#17, Clippers, F P.J. Tucker
37%
#5, Mavs, G Quentin Grimes
37%
#2, Cavs, G-F Ty Jerome
37%
#11, Bulls, G Ayo Dosunmu
36%
#1, Knicks, G Cameron Payne
36%
#33, Clippers, G-F Nicolas Batum
36%
#25, Kings, C Alex Len
35%
#0, Wizards, G Bilal Coulibaly
35%
#5, Lakers, F-G Cam Reddish
35%
#9, Nuggets, F-C Dario Saric
35%
#8, Warriors, G De'Anthony Melton
35%
#23, Blazers, C Donavan Clingan
35%
#20, Cavs, F Georges Niang
35%
#24, Heat, F Haywood Highsmith
35%
#7, Heat, C Kel'El Ware
35%
#7, Pistons, F Paul Reed
35%
#1, Mavs, G Jaden Hardy
34%
#55, Wolves, C Luka Garza
34%
#31, Heat, C Thomas Bryant
34%
#12, Clippers, G Cam Christie
33%
#35, Magic, C-F Goga Bitadze
33%
#0, Heat, G Josh Richardson
33%
#22, Hawks, F-C Larry Nance Jr.
33%
#12, Lakers, G Max Christy
33%
#5, Knicks, F Precious Achiuwa
33%
#00, Suns, F Royce O'Neale
33%
#10, Pelicans, F-C Daniel Theis
32%
#1, Magic, F Johnathan Isaac
32%
#30, Spurs, F Julian Champagnie
32%
#9, Wizards, G-F Justin Champagnie
32%
#23, Kings, G Keon Ellis
32%
#35, Wizards, F Marvin Bagley
32%
#22, Suns, F-C Mason Plumlee
32%
#14, Wizards, G-F Saddiq Bey
32%
#67, Hornets, F Taj Gibson
32%
#24, Hawks, G Garrison Matthews
31%
#20, Knicks, C Jericho Sims
30%
#17, Rockets, F Tari Eason
30%
#35, Lakers, F Christian Wood
29%
#0, Mavs, G Donte Exum
29%
#13, Pacers, C James Wiseman
29%
#13, Magic, G Jett Howard
29%
#7, Wolves, F-G Joe Ingles
29%
#3, Nuggets, G Julian Strawther
29%
#41, Raptors, F-C Kelly Olynyk
29%
#10, Grizzlies, G Luke Kennard
29%
#13, Mavs, F Naji Marshall
29%
#33, Blazers, F Toumani Camara
29%
#41, Kings, F Trey Lyles
29%
#4, Hawks, G Kobe Bufkin
28%
#31, Hornets, F Tidjane Salaun
28%
#22, Hornets, G Vasilije Micic
28%
#5, Clippers, G Bones Hyland
27%
#25, Raptors, F Chris Boucher
27%
#41, Hawks, F-C Cody Zeller
27%
#22, Nets, F Jalen Wilson
27%
#0, Grizzlies, F Jaylen Wells
27%
#2, Suns, G Josh Okogie
27%
#44, Thunder, G Nikola Topic
27%
#00, Pistons, F Ron Holland
27%
#19, Pistons, F Simone Fontecchio
27%
#18, Heat, G Alec Burks
26%
#55, Bucks, G Delon Wright
26%
#3, Bucks, F MarJon Beauchamp
26%
#13, Thunder, F Ousmane Dieng
26%
#15, Warriors, F Gui Santos
25%
#43, Warriors, F Lindy Waters
25%
#8, Jazz, G Patty Mills
25%
#7, Nets, G Shake Milton
25%
#27, Hawks, G Vit Krejci
25%
#7, Clippers, G-F Amir Coffey
24%
#11, Pelicans, G Brandon Boston Jr
24%
#7, Rockets, F Cam Whitmore
24%
#24, Wizards, F Corey Kispert
24%
#14, Nuggets, F DaRon Holmes
24%
#30, Grizzlies, C Jay Huff
24%
#4, Blazers, G-F Matisse Thybulle
24%
#22, Wizards, F Richaun Holmes
24%
#5, Cavs, G Sam Merrill
24%
#23, Magic, F Tristan Da Silva
24%
#22, Nuggets, F-C Zeke Nnaji
24%
#10, Suns, G-F Damion Lee
23%
#44, Celtics, G Jaden Springer
23%
#21, Lakers, F Maxwell Lewis
23%
#4, Clippers, C Mo Bamba
23%
#13, Bulls, F Torey Craig
23%
#8, Wizards, G Bub Carrington
22%
#24, Pelicans, G Jordan Hawkins
22%
#21, Nets, F-C Noah Clowney
22%
#61, Warriors, G Pat Spencer
22%
#8, Rockets, F Jae'Sean Tate
21%
#2, Rockets, C Jock Landale
21%
#22, Spurs, F Malaki Branham
21%
#13, Jazz, G Isaiah Collier
20%
#0, Lakers, G Jalen Hood-Schifino
20%
#50 Pelicans, F Jeremiah Robinson-Earl
20%
#46, Grizzlies, G John Konchar
20%
#14, Spurs, G Blake Wesley
19%
#25, Bulls, F Dalen Terry
19%
#15, Jazz, F-C Drew Eubanks
19%
#30, Raptors, G Ochai Agbaji
19%
#54, Spurs, F-C Sandro Mamukelashvili
19%
#0, Jazz, F Taylor Hendricks
19%
#13, Knicks, G Tyler Kolek
19%
#13, Celtics, F Drew Peterson
18%
#18, Hawks, F Mouhamed Gueye
18%
#00, Wolves, G Terrance Shannon Jr
18%
#16, Wizards, F Anthony Gill
17%
#28, Jazz, F Brice Sensabaugh
17%
#24, Raptors, F-C Bruno Fernando
17%
#28, Spurs, C-F Charles Bassey
17%
#27, Bulls, G Chris Duarte
17%
#8, Hawks, F David Roddy
17%
#21, Cavs, F Emoni Bates
17%
#5, Nuggets, F Hunter Tyson
17%
#3, Grizzlies, F Jake LaRavia
17%
#24, Cavs, G-F Jaylon Tyson
17%
#20, Celtics, G JD Davison
17%
#15, Cavs, F JT Thor
17%
#14, Hornets, F Moussa Diabate
17%
#8, Mavs, F Olivier-Maxence Prosper
17%
#76, Blazers, G Taze Moore
17%
#31, Nuggets, F Vlatko Cancar
17%
#14, Pistons, G Wendell Moore Jr
17%
#14, Raptors, G Ja'Kobe Walter
16%
#3, Kings, G Jordan McLaughlin
16%
#22, Jazz, C Kyle Filipowski
16%
#9, Heat, G Pelle Larsson
16%
#10, Magic, G Cory Joseph
15%
#17, Raptors, G-F Garrett Temple
15%
#24, Nuggets, G Jalen Pickett
15%
#23, Raptors, G Jamal Shead
15%
#25, Pistons, G Marcus Sasser
15%
#30, 76ers, C Adem Bona
14%
#10, Lakers, C Christian Koloko
14%
#5, Blazers, F Dalano Banton
14%
#7, Kings, F Doug McDermott
14%
#26, Blazers, C Duop Reath
14%
#12, Pacers, G Johnny Furphy
14%
#8, Wolves, F Josh Minott
14%
#14, 76ers, G Ricky Council
14%
#77, Raptors, F Jamison Battle
13%
#33, Jazz, G Johnny Juzang
13%
#15, Bulls, F Julian Phillips
13%
#13, Bucks, G Ryan Rollins
13%
#55, Knicks, C Ariel Hukporti
12%
#7, Bucks, F Chris Livingston
12%
#2, Raptors, F Johnathan Mogbo
12%
#21, Blazers, G-F Rayan Rupert
12%
#9, Nets, G-F Trendon Watford
12%
#17, Grizzlies, G Yuki Kawamura
12%
#12, Suns, G Collin Gillespie
11%
#0, Hawks, F Dominick Barlow
11%
#4, Suns, F Oso Ighodaro
11%
#4, Knicks, F Pacome Dadiet
11%
#7, Wizards, F Patrick Baldwin Jr
11%
#32, Bulls, F E.J Liddell
10%
#8, Pacers, F Enrique Freeman
10%
#17, Pelicans, F-C Karlo Matkovic
10%
#25, Spurs, G Sidy Cissoko
10%
#34, Pistons, F Bobi Klintman
9%
#24, Kings, F Isaiah Crawford
9%
#8, Pelicans, F Jamal Cain
9%
#35, Wolves, G-F PJ Dozier
9%
#13, Nuggets, C PJ Hall
9%
#3, Warriors, G Reece Beekman
9%
#17, Bucks, G Stanley Umude
9%
#50, Jazz, G-F Svi Mykhailiuk
9%
#4, Pacers, G Tristen Newton
9%
#2, Magic, G Caleb Houston
8%
#8, Magic, G Mac McClung
8%
#3, Hornets, G-F DaQuan Jeffries
7%
#8, Heat, G Josh Christopher
7%
#44, Jazz, F-C Oscar Tshiebwe
7%
#14, Thunder, G Adam Flagler
6%
#1, Wolves, G Daishen Nix
6%
#0, Nets, G-F Dariq Whithead
6%
#41, Lakers, G Quincy Olivari
6%
#00, Wizards, F Tristan Vukcevic
6%
#88, Thunder, G Alex Ducas
5%
#55, Celtics, G Baylor Sheierman
5%
#13, Pistons, F Cole Swider
5%
#7, Spurs, G David Duke Jr
5%
#25, 76ers, G Lester Quinones
5%
#25, Jazz, C Micah Potter
5%
#9, Clippers, F Trentyn Flowers
5%
#21, Bulls, F Adama Sanogo
4%
#8, Nets, F Cui Yongxi
4%
#24, Pistons, G Daniss Jenkins
4%
#3, Raptors, G D.J. Carton
4%
#00, Mavs, G Jazion Gortman
4%
#10, Blazers, F Justin Minaya
4%
#3, Rockets, C N'Faly Dante
4%
#27, Spurs, F Riley Minix
4%
#17, Thunder, F Malevy Leons
3%
#27, Hornets, G Jared Rhoden
2%
#10, Jazz, G Jason Preston
2%
No matching quizzes found
Score Distribution
Percent of People with Each Score
Percentile by Number Answered
Your Score History
You have not taken this quiz